| 000 | 00562nab#a2200193#c#4500 | ||
|---|---|---|---|
| 999 |
_c53672 _d53672 |
||
| 003 | IEF | ||
| 005 | 20191205173527.0 | ||
| 008 | 950704s1976 uuu|| #####0 b| |u | ||
| 040 |
_aIEF _cES-MaIEF |
||
| 100 | 1 |
_aTedde de Lorca, Pedro _943157 |
|
| 245 |
_aEl paisaje científico e histórico de "La riqueza de las naciones" _c Pedro Tedde de Lorca |
||
| 260 | _c1976 | ||
| 650 | 4 |
_aHOMENAJES _945439 |
|
| 650 | 4 |
_aSMITH, ADAM (1723-1790) _948447 |
|
| 773 | 0 |
_tHacienda pública española _w34570 _g40, p. 203-206 |
|
| 942 | _2udc | ||
| 942 | _2udc | ||